Suplemento especial de la Ley del Impuesto a la Renta y su reglamento / (Registro nro. 232)
[ vista simple ]
| 000 -LEADER | |
|---|---|
| fixed length control field | 00861nam a2200229Ia 4500 |
| 003 - CONTROL NUMBER IDENTIFIER | |
| control field | PE SENCICO BE |
| 005 - DATE AND TIME OF LATEST TRANSACTION | |
| control field | 20251020182430.0 |
| 008 - FIXED-LENGTH DATA ELEMENTS--GENERAL INFORMATION | |
| fixed length control field | 200515s9999 xx 000 0 und d |
| 040 ## - CATALOGING SOURCE | |
| Original cataloging agency | PE SENCICO BE |
| Transcribing agency | PE SENCICO BE |
| 041 ## - LANGUAGE CODE | |
| Language code of text/sound track or separate title | spa |
| 100 1# - MAIN ENTRY--PERSONAL NAME | |
| Personal name | Iza Stoll, Fernando |
| 9 (RLIN) | 2549 |
| Relator term | autor |
| 245 10 - TITLE STATEMENT | |
| Title | Suplemento especial de la Ley del Impuesto a la Renta y su reglamento / |
| Statement of responsibility, etc. | Fernando Iza Stoll, Isaias Vera Paredes, Luis Cayo Quispe |
| 260 ## - PUBLICATION, DISTRIBUTION, ETC. | |
| Place of publication, distribution, etc. | Lima : |
| Name of publisher, distributor, etc. | s.n. ; |
| Date of publication, distribution, etc. | 1994 |
| 300 ## - PHYSICAL DESCRIPTION | |
| Extent | 106 p. : |
| Other physical details | tbl. ; |
| Dimensions | 21 cm. |
| 490 ## - SERIES STATEMENT | |
| Series statement | Estudio Caballero Bustamante |
| 505 0# - FORMATTED CONTENTS NOTE | |
| Formatted contents note | Ley del Impuesto a la Renta (DL. 774) -- Reglamento del impuesto a la renta (DS. 122-94-EF) |
| 650 10 - SUBJECT ADDED ENTRY--TOPICAL TERM | |
| Topical term or geographic name entry element | Impuesto a la renta |
| 9 (RLIN) | 2550 |
| 650 20 - SUBJECT ADDED ENTRY--TOPICAL TERM | |
| Topical term or geographic name entry element | Derecho tributario |
| 9 (RLIN) | 2551 |
| 700 1# - ADDED ENTRY--PERSONAL NAME | |
| 9 (RLIN) | 2552 |
| Personal name | Vera Paredes, Isaias |
| Relator term | autor |
| 700 1# - ADDED ENTRY--PERSONAL NAME | |
| 9 (RLIN) | 2553 |
| Personal name | Cayo Quispe, Luis |
| Relator term | autor |
| 942 ## - ADDED ENTRY ELEMENTS (KOHA) | |
| Koha item type | Libros |
| Source of classification or shelving scheme | Dewey Decimal Classification |
| Fecha de la última vez que lo usaron | Número de ingreso o de inventario | Pago total | Signatura topográfica completa | Código de barras | Precio efectivo desde | Tipo de documento | Estado perdido | Sistema de clasificación | Estado dañado | No es para préstamo | Retirado | Ubicación permanente | Ubicación actual | Fecha de adquisición |
|---|---|---|---|---|---|---|---|---|---|---|---|---|---|---|
| 15/05/2020 | 8553 | 336.24/I97 | BibLima24080029 | 15/05/2020 | Libros | Dewey Decimal Classification | Biblioteca Central Lima | Biblioteca Central Lima | 15/05/2020 |